| 000 | 00859cam a22002291 4500 | ||
|---|---|---|---|
| 001 | he 68003657 | ||
| 003 | DLC | ||
| 005 | 20260227111506.0 | ||
| 008 | 850117s1967 is 000 0 heb | ||
| 010 | _ahe 68003657 | ||
| 035 | _a(OCoLC)19207319 | ||
| 040 |
_aDLC _cMH _dCU _dDLC |
||
| 042 | _apremarc | ||
| 050 | 0 | 0 |
_aBM504.2 _b.O7 |
| 245 | 0 | 0 |
_aḲunṭres Ohel Avraham : _ble-zekher...Avraham ha-Leṿi Levḳovits le-yom ha-shanah ha-rishon li-feṭirato : olel ḥidushim...be-sugyot ha-Shas u-mefarshaṿ me-ʼito u-meʼet yedidaṿ...ṿe-divre hesped... / _c[neʻerakh ʻal yede Mosheh Daṿid Orliḳ] |
| 260 |
_aBene Berak : _bTalmud Torah R. Akiva, _c727 [1967] |
||
| 300 |
_a62 p. ; _c24 cm. |
||
| 600 | 1 | 0 |
_aLevkovits, Avraham, _d1918-1965. |
| 630 | 0 | 0 |
_aTalmud _xCommentaries. |
| 700 | 1 |
_aOrlik, Moshe David, _d1948- |
|
| 740 | 0 | _aOhel Avraham. | |
| 999 |
_c33945 _d33945 |
||